The faith sector : (Record no. 53047)

MARC details
000 -LEADER
fixed length control field 01293cam a2200361 a 4500
001 - CONTROL NUMBER
control field 16848404
005 - DATE AND TIME OF LATEST TRANSACTION
control field 20180608143356.0
008 - FIXED-LENGTH DATA ELEMENTS--GENERAL INFORMATION
fixed length control field 110629s2011 enka b 000 0 eng c
010 ## - LIBRARY OF CONGRESS CONTROL NUMBER
LC control number 2010681085
016 7# - NATIONAL BIBLIOGRAPHIC AGENCY CONTROL NUMBER
Record control number 101559173
Source DNLM
035 ## - SYSTEM CONTROL NUMBER
System control number (OCoLC)ocn697774487
040 ## - CATALOGING SOURCE
Original cataloging agency NLM
Transcribing agency NLM
Modifying agency YDXCP
-- BWK
-- CDX
-- DLC
042 ## - AUTHENTICATION CODE
Authentication code pcc
050 00 - LIBRARY OF CONGRESS CALL NUMBER
Classification number RA643.86.B55
Item number F35 2011
060 00 - NATIONAL LIBRARY OF MEDICINE CALL NUMBER
Classification number 2011 E-108
060 10 - NATIONAL LIBRARY OF MEDICINE CALL NUMBER
Classification number WC 503.6
245 04 - TITLE STATEMENT
Title The faith sector :
Remainder of title key HIV messages for mainstreaming /
260 ## - PUBLICATION, DISTRIBUTION, ETC. (IMPRINT)
Place of publication, distribution, etc Newcastle upon Tyne :
Name of publisher, distributor, etc Cambridge Scholars Pub.,
Date of publication, distribution, etc 2011.
300 ## - PHYSICAL DESCRIPTION
Extent 44 p. :
Other physical details ill. ;
Dimensions 18 cm.
504 ## - BIBLIOGRAPHY, ETC. NOTE
Bibliography, etc Includes bibliographical references.
650 #0 - SUBJECT ADDED ENTRY--TOPICAL TERM
Topical term or geographic name as entry element AIDS (Disease)
Geographic subdivision Botswana
General subdivision Prevention
-- Religious aspects.
650 #0 - SUBJECT ADDED ENTRY--TOPICAL TERM
Topical term or geographic name as entry element HIV Infections
Geographic subdivision Botswana
General subdivision Prevention
-- Religious aspects.
650 12 - SUBJECT ADDED ENTRY--TOPICAL TERM
Topical term or geographic name as entry element HIV Infections
General subdivision prevention & control
Geographic subdivision Botswana.
650 22 - SUBJECT ADDED ENTRY--TOPICAL TERM
Topical term or geographic name as entry element Acquired Immunodeficiency Syndrome
General subdivision prevention & control
Geographic subdivision Botswana.
650 22 - SUBJECT ADDED ENTRY--TOPICAL TERM
Topical term or geographic name as entry element Faith Healing
Geographic subdivision Botswana.
650 22 - SUBJECT ADDED ENTRY--TOPICAL TERM
Topical term or geographic name as entry element Religion and Medicine
Geographic subdivision Botswana.
700 1# - ADDED ENTRY--PERSONAL NAME
Personal name Togarasei, Lovemore.
700 1# - ADDED ENTRY--PERSONAL NAME
Personal name Mmolai, Sana.
700 1# - ADDED ENTRY--PERSONAL NAME
Personal name Nkomazana, F.
Fuller form of name (Fidelis)
906 ## - LOCAL DATA ELEMENT F, LDF (RLIN)
a 7
b cbc
c pccadap
d 2
e ncip
f 20
g y-gencatlg
942 ## - ADDED ENTRY ELEMENTS (KOHA)
Source of classification or shelving scheme Library of Congress Classification
Item type Book
Holdings
Withdrawn status Lost status Source of classification or shelving scheme Damaged status Not for loan Collection code Home library Current library Shelving location Date acquired Source of acquisition Cost, normal purchase price Total Checkouts Full call number Barcode Copy number Price effective from Koha item type Date last seen Date last borrowed
    Library of Congress Classification     Non-fiction Bishop Okullu Memorial Library (Limuru Campus) Bishop Okullu Memorial Library (Limuru Campus) General Circulation 08/06/2018 Donation-BFA 200.00   RA643.86.B55 F35 2011 059200 1 08/06/2018 Book    
    Library of Congress Classification     Non-fiction Bishop Okullu Memorial Library (Limuru Campus) Bishop Okullu Memorial Library (Limuru Campus) General Circulation 08/06/2018 Donation-BFA 200.00 1 RA643.86.B55 F35 2011 059201 2 08/06/2018 Book 07/10/2025 23/09/2025
    Library of Congress Classification     Non-fiction Bishop Okullu Memorial Library (Limuru Campus) Bishop Okullu Memorial Library (Limuru Campus) General Circulation 08/06/2018 Donation-BFA 200.00   RA643.86.B55 F35 2011 059204 5 08/06/2018 Book    
    Library of Congress Classification     Non-fiction Bishop Okullu Memorial Library (Limuru Campus) Bishop Okullu Memorial Library (Limuru Campus) General Circulation 08/06/2018 Donation-BFA 200.00   RA643.86.B55 F35 2011 059205 6 08/06/2018 Book    
    Library of Congress Classification     Non-fiction Bishop Okullu Memorial Library (Limuru Campus) Bishop Okullu Memorial Library (Limuru Campus) General Circulation 08/06/2018 Donation-MaryAnne Mwangi 200.00   RA643.86.B55 F35 2011 059210 9 08/06/2018 Book    
    Library of Congress Classification     Non-fiction Nairobi Campus Nairobi Campus General Circulation 08/06/2018 Donation-BFA 200.00   RA643.86.B55 F35 2011 059202 3 08/06/2018 Book    
    Library of Congress Classification     Non-fiction Nairobi Campus Nairobi Campus General Circulation 08/06/2018 Donation-BFA 200.00   RA643.86.B55 F35 2011 059203 4 08/06/2018 Book    
    Library of Congress Classification     Non-fiction Nakuru Campus Nakuru Campus Reserve Section 08/06/2018 Donation-BFA 200.00   RA643.86.B55 F35 2011 059206 7 08/06/2018 Book    
    Library of Congress Classification     Non-fiction Nakuru Campus Nakuru Campus Reserve Section 08/06/2018 Donation-BFA 200.00   RA643.86.B55 F35 2011 059207 8 08/06/2018 Book